Catholic University of Zimbabwe Library
Online Public Access Catalogue
(OPAC)

From man to society; (Record no. 44645)

MARC details
000 -LEADER
fixed length control field 00812nam a22002537a 4500
001 - CONTROL NUMBER
control field 778404
008 - FIXED-LENGTH DATA ELEMENTS--GENERAL INFORMATION
fixed length control field 230314b |||||||| |||| 00| 0 eng d
010 ## - LIBRARY OF CONGRESS CONTROL NUMBER
LC control number 73000575
020 ## - INTERNATIONAL STANDARD BOOK NUMBER
International Standard Book Number 0030891647
040 ## - CATALOGING SOURCE
Original cataloging agency DLC
Transcribing agency DLC
Modifying agency CUZ
Language of cataloging eng
Description conventions rda
050 00 - LIBRARY OF CONGRESS CALL NUMBER
Classification number HM251
Item number ACU
100 1# - MAIN ENTRY--PERSONAL NAME
Personal name Acuff, F. Gene.
245 10 - TITLE STATEMENT
Title From man to society;
Remainder of title introductory sociology,
Statement of responsibility, etc. by F. Gene Acuff, Donald E. Allen [and] Lloyd A. Taylor.
264 ## - PRODUCTION, PUBLICATION, DISTRIBUTION, MANUFACTURE, AND COPYRIGHT NOTICE
Place of production, publication, distribution, manufacture Hinsdale, Ill.,
Name of producer, publisher, distributor, manufacturer Dryden Press
Date of production, publication, distribution, manufacture, or copyright notice [1973]
300 ## - PHYSICAL DESCRIPTION
Extent x, 589 p.
Other physical details illus.
Dimensions 25 cm.
650 #0 - SUBJECT ADDED ENTRY--TOPICAL TERM
Topical term or geographic name entry element Sociology.
942 ## - ADDED ENTRY ELEMENTS (KOHA)
Koha item type OS Book
336 ## - CONTENT TYPE
Content type term text
Content type code txt
337 ## - MEDIA TYPE
Media type term unmediated
Media type code n
338 ## - CARRIER TYPE
Source rdacarrier
Holdings
Withdrawn status Lost status Source of classification or shelving scheme Damaged status Not for loan Collection code Home library Current library Shelving location Date acquired Source of acquisition Inventory number Total Checkouts Full call number Barcode Date last seen Price effective from Koha item type
          Non-fiction CUZ Harare Campus CUZ Harare Campus Open Shelf 13.03.2023 Donation CUZ15610   HM251 ACU BK009560 14.03.2023 14.03.2023 OS Book

OPENING HOURS

Weekdays: 0815hrs - 1800hrs
Weekends:0900hrs - 1200hrs

Closed for Mass:

Mon, Thur: 1200hrs - 1300hrs
Sunday & Public Holiday’s

CALL SUPPORT

0242-570570, 0242-570169
09200664, +263 8644140602

LOCATION

18443, Cranborne Avenue, Hatfield, Harare

Other Links


©2021 | CUZ Library